[Event "GER-chT U20 Girls"]
[Site "Braunschweig"]
[Date "2019.12.29"]
[Round "5.7"]
[White "Stelter, Finja"]
[Black "Strobel, Joanna"]
[Result "0-1"]
[WhiteElo "1054"]
[BlackElo "1140"]
[PlyCount "138"]
[EventDate "2019.12.27"]
[EventType "team-swiss"]
[EventRounds "7"]
[EventCountry "GER"]
[SourceTitle "CBM 194 Extra"]
[Source "ChessBase"]
[SourceDate "2020.03.31"]
[SourceVersion "1"]
[SourceVersionDate "2020.03.31"]
[SourceQuality "1"]
[WhiteTeam "Lehrte"]
[BlackTeam "Erlangen 48/88"]
[WhiteTeamCountry "GER"]
[BlackTeamCountry "GER"]

1. e4 e5 2. Nf3 Nc6 3. Bc4 Bc5 4. d3 h6 5. Nc3 d6 6. h3 Be6 7. Bb3 Nf6 8. Be3 Bb6 9. Qd2 Qd7 10. a3 0-0-0 11. Ba2 Bxa2 12. Nxa2 d5 13. Bxb6 cxb6 14. Nc3 d4 15. Ne2 g5 16. Rc1 Kb8 17. h4 Qg4 18. Rh2 gxh4 19. Nxh4 Qe6 20. Nf5 Ng4 21. Rh4 h5 22. Neg3 Qg6 23. c3 dxc3 24. Rxc3 Nd4 25. Nxd4 exd4 26. Rc2 Qf6 27. Rh1 h4 28. Nf5 Rde8 29. Qf4+ Ne5 30. Rxh4 Rxh4 31. Qxh4 Nxd3+ 32. Ke2 Qxh4 33. Nxh4 Nc5 34. Kf3 Nxe4 35. Nf5 d3 36. Rc1 Nd2+ 37. Kf4 Nb3 38. Rd1 d2 39. Ne3 Rc8 40. Kf3 Rd8 41. Ke2 Nc1+ 42. Kf1 Kc7 43. Nc4 Nb3 44. Ke2 Nc1+ 45. Ke3 Rd3+ 46. Ke4 f5+ 47. Kxf5 Nb3 48. g4 Rd5+ 49. Ke6 Rd4 50. Ne3 Kc6 51. g5 Rf4 52. g6 Nc5+ 53. Ke7 Re4+ 54. Kf7 Rf4+ 55. Kg8 Ne6 56. g7 Rxf2 57. Nf1 Rg2 58. Rxd2 Rxg7+ 59. Kh8 Rd7 60. Rc2+ Kb5 61. b3 Nd4 62. Rc3 a5 63. Ne3 Ne2 64. Rc2 Nf4 65. Rc4 Rd3 66. Rxf4 Rxe3 67. a4+ Ka6 68. Rf8 b5 69. Rf6+ b6 0-1

[Event "GER-chT U20 Girls"]
[Site "Braunschweig"]
[Date "2019.12.29"]
[Round "6.8"]
[White "Strobel, Joanna"]
[Black "Malinowsky, Celina"]
[Result "0-1"]
[WhiteElo "1140"]
[BlackElo "1293"]
[PlyCount "85"]
[EventDate "2019.12.27"]
[EventType "team-swiss"]
[EventRounds "7"]
[EventCountry "GER"]
[SourceTitle "CBM 194 Extra"]
[Source "ChessBase"]
[SourceDate "2020.03.31"]
[SourceVersion "1"]
[SourceVersionDate "2020.03.31"]
[SourceQuality "1"]
[WhiteTeam "Erlangen 48/88"]
[BlackTeam "Kiel Doppelbauer"]
[WhiteTeamCountry "GER"]
[BlackTeamCountry "GER"]

1. e4 e5 2. Nf3 Nc6 3. d4 exd4 4. Nxd4 Nf6 5. Nc3 Bc5 6. Be3 Bb6 7. Be2 d6 8. 0-0 Qe7 9. Bf3 0-0 10. Re1 Re8 11. Nxc6 bxc6 12. Bxb6 axb6 13. e5 dxe5 14. Bxc6 Rd8 15. Qe2 Ba6 16. Qf3 Rab8 17. Qg3 Qc5 18. Bf3 Re8 19. Rad1 Bb7 20. Bxb7 Rxb7 21. Ne4 Nxe4 22. Rxe4 Qxc2 23. Qd3 Qxd3 24. Rxd3 f6 25. f4 c5 26. fxe5 Rxe5 27. Rxe5 fxe5 28. Rd6 Kf7 29. Kf2 Ke7 30. Rd2 Rd7 31. Re2 Ke6 32. a3 Rd4 33. Ke3 Kd5 34. Rc2 Rc4 35. Rd2+ Rd4 36. Rc2 e4 37. Rc3 c4 38. b4 Rd3+ 39. Rxd3+ cxd3 40. a4 Kc4 41. a5 bxa5 42. bxa5 Kb5 43. Kxe4 0-1